000 00339 a2200133 4500
000 nam a22 7a 4500
100 _aPushpa Singh
110 _aPushpa Singh
245 _aMethods and Approaches in Comparative Political Analysis
250 _alatest edition
260 _bRoutledge
_c2025
264 _bRoutledge
_c2025
942 _cBK
999 _c395335
_d395335